| 000 | 01568cam a22004814i 4500 | ||
|---|---|---|---|
| 003 | PE-LiUPU | ||
| 005 | 20250731180107.0 | ||
| 008 | s1965 r 000 0 spa d | ||
| 035 | _a(Sirsi) a204075 | ||
| 040 |
_aPE-LiUPU _bspa _cPE-LiUPU _erda |
||
| 049 | _aPRUA | ||
| 082 | 0 | 4 |
_a575 _bR61 _220 |
| 100 | 1 |
_aRimmer, Harry, _eautor. |
|
| 245 | 4 |
_aThe theory of evolution and the facts of Science / _cHarry Rimmer, D.D., Sc.D. |
|
| 264 |
_aMichigan : _bEERDMANS, _c1965. |
||
| 300 |
_a155 páginas ; _c17 centímetros. |
||
| 336 |
_text _2rdacontent |
||
| 337 |
_unmediated _2rdamedia |
||
| 338 |
_volume _2rdacarrier |
||
| 505 | 0 | _aThe facts of biology and the theories of evolution -- Embryology and the recapitulation theory -- The theories of evolution and the fact of paleontology -- The theories of evolution and the facts of human antiquity. | |
| 526 | _aSEG44 | ||
| 526 | _aSEG26 | ||
| 526 | _aP159 | ||
| 526 | _aP155 | ||
| 526 | _aP154 | ||
| 526 | _aP153 | ||
| 526 | _aP150 | ||
| 526 | _aP100 | ||
| 526 | _aP31 | ||
| 526 | _aP30 | ||
| 526 | _aP26 | ||
| 526 | _aP25 | ||
| 526 | _aP24 | ||
| 526 | _aP22 | ||
| 526 | _aP15 | ||
| 526 | _aP10 | ||
| 650 | 0 | 4 |
_aevolución _9946 |
| 650 | 0 | 4 |
_aevolución _xCiencia |
| 596 | _a1 | ||
| 942 |
_2ddc _cBOOK |
||
| 999 |
_a575 R61 _wLC _c20456 _i76010 _d20456 _f2021-11-5 _g4 _lCCODEBUL1 _mBUL _q1 _r0 _sY _tBOOK _u2017-5-26 _xBIBLIOTECA _PP85 _0COMPRA _o.STAFF. Colección Teología |
||
| 980 |
_81 _gALBERTO SANCHEZ Responsable de Automatización |
||